Paroles "Feel Good" de Charlotte Cardin - Statistiques

Statistiques générales
  • Ce quiz a été pris 391 fois
  • Le résultat moyen est 230 sur 278
Statistiques - réponses
Paroles % Correct
ma
100%
feel
99%
good
99%
main
99%
dans
97%
make
97%
me
97%
ta
97%
Ta
97%
C'est
96%
le
96%
sexy
96%
super
96%
sur
96%
you
96%
You
96%
vraiment
95%
taxi
92%
la
91%
taille
90%
à
89%
Ensemble
87%
de
84%
make
84%
to
84%
Y'a
82%
y'a
82%
fenêtre
81%
fois
78%
ai
77%
Et
77%
mille
77%
pensé
77%
que
77%
des
76%
moi
76%
J'y
75%
every
74%
If
74%
j'ai
74%
mon
74%
time
74%
Qui
73%
toi
73%
want
73%
amour
72%
choses
71%
jamais
71%
nice
71%
son
70%
Titanic
70%
voix
70%
Frissons
69%
toujours
67%
j'comprendrais
66%
J'entends
66%
Pyramide
62%
back
61%
m'invite
61%
avec
58%
contre
58%
dis-le
58%
I'm
57%
been
56%
Ironique
56%
mourir
56%
animal
55%
I've
54%
Italique
53%
away
50%
and
49%
oh
49%
Iconique
48%
On
47%
falaise
46%
now
44%
Plus
44%
plus
44%
arrive
42%
tomber
41%
sens
39%
l'aise
36%
j'me
35%
danger
30%
Cyanide
28%
Aucun quiz correspondant
Distribution des résultats
% des personnes avec chaque résultat
Percentile par nombre de réponses
Votre historique - résultats
Vous n’avez pas pris ce quiz